| 000 | 00707nam a2200229Ia 4500 | ||
|---|---|---|---|
| 003 | GCL | ||
| 008 | 140319s9999 xx 000 0 ara d | ||
| 020 | _a9457409960 | ||
| 040 |
_aGCL / _cGCL |
||
| 082 | 0 | 4 |
_a926.58 _bهـ و |
| 100 | 1 | _aهللر، روبرت | |
| 245 | 1 | 0 |
_aوارن بوفيت / _cهللر، روبرت |
| 700 | 1 | _aمحمد شريف الطرح | |
| 250 | _aالاولى | ||
| 260 |
_aالرياض : _bمكتبة العبيكان ، _c2004 |
||
| 300 |
_a124 ص ؛ _c20 سم |
||
| 490 |
_aسلسلة عمالقة الاعمال _v0 |
||
| 650 | 0 | 4 | _aادارة الاعمال |
| 650 | 0 | 4 | _aادارة الاعمال - تراجم |
| 650 | 0 | 4 | _aبوفيت، وارن |
| 942 |
_2ddc _cBK |
||
| 999 |
_c7910 _d7910 |
||